Which Letter Has the Lowest Population? - Statistics

General Stats
  • This quiz has been taken 52 times
  • The average score is 6 of 10
Answer Stats
Population Letter % Correct
42,371 Y
82%
3,147 Q
76%
39,326 Z
76%
130,812 V
73%
5,591 O
58%
32,670 H
48%
133,584 D
39%
75,952 F
39%
93,276 K
39%
34,837 L
21%
No matching quizzes found
Score Distribution
Percent of People with Each Score
Percentile by Number Answered
Your Score History
You have not taken this quiz